Svätá Klára z Assisi

Bibliographic Details
Main Author: Lainati, Chiara Augusta (Author)
Other Authors: Peťková, Darina, 1954- (Translator)
Format: Book
Language:Slovak
Italian
PhysicalDescription:86 s. 20 cm
Published: Bratislava Serafín 1994
ISBN:8085310414
Edition:1. vyd.
Subjects:

MARC

LEADER 00000cam a2200000 a 4500
001 vtls001077726
003 SK-MaSNL
005 20260301000739.0
008 240318s1994 xo g 000 0bslo
015 |a SNBA1995/02 
020 |a 8085310414 
035 |a SNK000020561 
035 |a urn:nbn:sk:snk-amjb1s 
035 |a urn:nbn:sk:snk-am003oxo 
035 |a 820C66FF-8706-4BF8-A46F-CB2B3F168888 
040 |a SNK  |b slo  |c SNK  |e AACR2 
041 1 |a slo  |h ita 
044 |a xo  |c SK 
080 |a 235.3  |2 1981 
080 |a 929 Klára z Assisi, sv.  |2 1981 
100 1 |a Lainati, Chiara Augusta  |4 aut  |9 278168 
240 1 0 |a Santa Chiara D'Assisi  |l Slovensky 
245 1 0 |a Svätá Klára z Assisi  |c Chiara Augusta Lainati ; [z talianskeho originálu preložila Darina Peťková] 
250 |a 1. vyd. 
260 |a Bratislava  |b Serafín  |c 1994 
300 |a 86 s.  |c 20 cm 
500 |a Vydal Provincialát rehole menších bratov františkánov 
600 0 7 |a Klára z Assisi,  |c svätá,  |d 1193-1253  |2 SNKMA  |9 157675 
650 0 7 |a svätice  |2 SNKPH  |9 75500 
650 0 7 |a rehoľný život  |2 SNKPH  |9 67225 
650 0 7 |a duchovný život  |2 SNKPH  |9 1807 
655 7 |a biografie  |2 SNKPH  |9 27965 
700 1 |a Peťková, Darina,  |d 1954-  |4 trl  |9 247906 
852 |a Štátna vedecká knižnica v Banskej Bystrici 
919 |a 80-85310-41-4 
958 |a OP 
958 |a NS 
958 |a BC 
958 |a TL 
958 |a NT 
968 |b IT 
999 |c 533404  |d 535334 
952 |t P60, <04>, [BOOK], {604}  |a SNK  |b SNK  |y VYP  |7 0  |p 17A0139527  |o snkSD 66898 D1  |0 0  |1 0  |4 0  |d 1998-05-27  |f 1  |l 0  |r 2004-12-31 00:00:00  |w 2026-02-23 
952 |a SNK  |b SNK  |y PREZ  |7 0  |p 17A1051508  |o snkSD 66898   |0 0  |1 0  |4 0  |d 2013-07-16  |l 0  |r 2026-02-23 12:15:09  |w 2026-02-23